| 000 | 00935nam0a22002411 4500 | ||
|---|---|---|---|
| 001 | rc\755971 | ||
| 005 | 20250622121822.0 | ||
| 035 | _a(NLR Aleph) 006284012 | ||
| 090 |
_a7079572 _c7079572 |
||
| 100 | _a20040301d1985 |||y0rusy50 ca | ||
| 101 | 0 | _arus | |
| 102 | _aRU | ||
| 105 | _aa ||||||||| | ||
| 200 | 1 |
_aВиталий Иосифович Гольданский _fАН СССР _gВступ. ст. Н.М. Эмануэля _gБиблиогр. сост. И.Г. Бебих, С.В. Семеновой |
|
| 210 |
_aМ. _cНаука _d1985 |
||
| 215 |
_a159 с., 1 л. портр. _d16 |
||
| 225 | 1 |
_aМатериалы к биобиблиографии ученых СССР _iСерия химических наук _vВып. 73 |
|
| 300 | _aНа обл. загл. сер.: Библиогр. ученых СССР | ||
| 801 | 0 |
_aRU _bNLR _gpsbo |
|
| 801 | 1 |
_aRU _bELAR _2rusmarc |
|
| 852 |
_aNLR _bС _jК-1/2806 |
||
| 942 | _cBOOK | ||
| 980 | _aNB | ||